Projektové úlohy - súčasť výučbového procesu v nemecky hovoriacich krajinách

Bibliographic Details
Main Author: Kačinová, Viera (Author)
Format: Article
Language:Slovak
ISBN:13355589
Subjects:

MARC

LEADER 00000nab a2200000 a 4500
001 vtls000869225
003 SK-MaSNL
005 20260304110824.0
008 250429c2004 xo 0 slo
015 |a SNBRB2004/04-11653 
035 |a CLN000220777 
035 |a urn:nbn:sk:snk-ab77gl 
035 |a (uuid)afe6a6ce-f233-4842-ace1-80e126d50968 
035 |a (urnnbn)urn:nbn:sk:snk:ar-a073jv 
035 |a (sysno)vtls000869225 
040 |a SNKBUCL  |b slo  |c SNKBUCL  |e AACR2 
041 0 |a slo 
044 |a xo  |c SK 
080 |a 371.3(430)(436)  |2 1997 
100 1 |a Kačinová, Viera  |4 aut  |9 17077 
245 1 0 |a Projektové úlohy - súčasť výučbového procesu v nemecky hovoriacich krajinách  |c Viera Kačinová 
504 |a Bibliogr. odkazy 
650 0 7 |a projektové vyučovanie  |z Rakúsko  |z Nemecko  |2 snkbucl  |9 27276 
650 0 7 |a projekty vyučovacie  |z Rakúsko  |z Nemecko  |2 snkbucl  |9 1409885 
655 7 |a články z novín a časopisov  |2 snkbucl  |9 267496 
773 0 |t Pedagogické spektrum  |g Roč. XIII, č. 1/2 (2004), s. 25-41  |z 13355589 
850 |a Slovenská národná knižnica 
852 |a Slovenská národná knižnica 
954 |a odborná, vedecká literatúra pôvodná (slovenská)  |2 lita 
958 |a article27 
958 |a NB 
958 |a DE 
958 |a AT 
958 |a OND 
958 |a EUIPO 
999 |c 2861213  |d 2863143